প্রিন্সিপাল ইবরাহীম খাঁ স্মৃতিগ্রন্থ / (Record no. 26269)

MARC details
000 -LEADER
fixed length control field 01138nam a22002057a 4500
003 - CONTROL NUMBER IDENTIFIER
control field BDDh-ASL
005 - DATE AND TIME OF LATEST TRANSACTION
control field 20231015030625.0
008 - FIXED-LENGTH DATA ELEMENTS--GENERAL INFORMATION
fixed length control field 211002s2006 b ||||| |||| 00| 0 b d
040 ## - CATALOGING SOURCE
Transcribing agency BDDh-ASL
082 ## - DEWEY DECIMAL CLASSIFICATION NUMBER
Classification number 923.79144
Item number KAP
100 1# - MAIN ENTRY--PERSONAL NAME
9 (RLIN) 4755
Personal name কাফিল, আহমাদ
245 00 - TITLE STATEMENT
Title প্রিন্সিপাল ইবরাহীম খাঁ স্মৃতিগ্রন্থ /
246 ## - VARYING FORM OF TITLE
Title proper/short title Principal Ibrahim Kha Smritigrantha
260 ## - PUBLICATION, DISTRIBUTION, ETC.
Place of publication, distribution, etc. ঢাকা:
Name of publisher, distributor, etc. ঝিঙেফুল,
Date of publication, distribution, etc. ২০০৬।
300 ## - PHYSICAL DESCRIPTION
Extent ৩৩৬ পৃষ্ঠা, :
Dimensions ২২ সে. মি.
650 #0 - SUBJECT ADDED ENTRY--TOPICAL TERM
9 (RLIN) 2694
Topical term or geographic name entry element Essay
650 #0 - SUBJECT ADDED ENTRY--TOPICAL TERM
Topical term or geographic name entry element Commemoration Volume (স্মারকগ্রন্থ), Memoirs, স্মারকগ্রন্থ, Smārakagrantha, Souvenir, স্মরণিক, স্মারকগ্রন্থ, স্মৃতিকথা, Smr̥tikathā, Memoirs, Reminiscences, স্মরণিকা, Smaraṇikā, Souvenir, স্যুভেনির, অভিজ্ঞান, Syubhēnira, so͞ovəˈnir, memorial, souvenir, remembrancer
9 (RLIN) 4668
650 #0 - SUBJECT ADDED ENTRY--TOPICAL TERM
9 (RLIN) 2263
Topical term or geographic name entry element Literary Criticism
942 ## - ADDED ENTRY ELEMENTS (KOHA)
Source of classification or shelving scheme Dewey Decimal Classification
Koha item type Books
Holdings
Withdrawn status Lost status Source of classification or shelving scheme Damaged status Not for loan Collection code Home library Current library Shelving location Date acquired Source of acquisition Total Checkouts Full call number Barcode Date last seen Copy number Price effective from Koha item type
    Dewey Decimal Classification     Non-fiction Asiatic Society Library Asiatic Society Library General Stacks 10/07/2021 Donated by Prof. (Dr.) M. Abdul Qayyum & Dr. Razia Sultana   923.79144 KAP 112280 10/07/2021 C-1 10/07/2021 Books

Powered by Koha